| 000 | 00732nam a22002537a 4500 | ||
|---|---|---|---|
| 999 |
_c61 _d61 |
||
| 001 | 13459 | ||
| 003 | BD-DhUAP | ||
| 005 | 20200116094048.0 | ||
| 008 | 200116r20092006maua 001 0 eng d | ||
| 020 | _a9780070593749 | ||
| 020 | _a0070593744 | ||
| 040 |
_aDLC _cDLC _dBD-DhUAP _bEng |
||
| 082 | 0 | 0 |
_223 _a004 NOR |
| 100 | 1 |
_aNorton, Peter. _97559 |
|
| 245 | 1 | 0 |
_aPeter Norton's introduction to computers / _cPeter Norton. |
| 250 | _a6th ed. | ||
| 260 |
_aNew Dellhi : _bMcGraw-Hill Technology Education, _cc2006 [Reprinted 2009]. |
||
| 300 |
_axxviii, 628 pages : _billustrations ; _c24 cm. |
||
| 500 | _aIncludes index. | ||
| 650 | 0 |
_aComputers. _97560 |
|
| 650 | 0 |
_aComputer software. _97561 |
|
| 942 |
_2ddc _cBK |
||